000 00410nam a22001697a 4500
003 macl
005 20151226144710.0
008 151226b xxu||||| |||| 00| 0 eng d
040 _cmacl
041 _aEnglish
082 _a891/GUH
100 _aGuha Bhudev Chandra
_922873
245 _aStyle In English Prose
260 _aKolkata
_bEbang Mushayera
_c2009
650 _aLiterature
_922874
942 _2ddc
_cBK
999 _c51943
_d51943